[Event "Bad Woerishofen Seniors op 36th"]
[Site "Bad Woerishofen"]
[Date "2020.03.11"]
[Round "7"]
[White "Simons, Dirk1111"]
[Black "Rumsey, Victor B"]
[Result "1-0"]
[WhiteElo "2018"]
[BlackElo "1768"]
[PlyCount "49"]
[EventDate "2020.03.05"]
[EventType "swiss"]
[EventRounds "9"]
[EventCountry "GER"]
[SourceTitle "CBM 195 Extra"]
[Source "ChessBase"]
[SourceDate "2020.05.31"]
[SourceVersion "1"]
[SourceVersionDate "2020.05.31"]
[SourceQuality "1"]

1. d4 Nf6 2. Nf3 d5 3. Bf4 e6 4. e3 Bd6 5. Ne5 0-0 6. Nd2 c5 7. c3 b6 8. Bd3 Bb7 9. Qf3 Qc7 10. Qh3 Nbd7 11. Ndf3 Ne4 12. Bxe4 dxe4 13. Ng5 h6 14. Nxe6 fxe6 15. Qxe6+ Kh7 16. Nxd7 Rfd8 17. Bxd6 Qxd7 18. Qxd7 Rxd7 19. dxc5 Rad8 20. 0-0-0 bxc5 21. Bxc5 Rxd1+ 22. Rxd1 Rxd1+ 23. Kxd1 Kg6 24. Bxa7 Bd5 25. b3 1-0

[Event "Bad Woerishofen Seniors op 32nd"]
[Site "Bad Woerishofen"]
[Date "2016.02.29"]
[Round "4"]
[White "Rumsey, Victor B"]
[Black "Lang, Ferdinand"]
[Result "1/2-1/2"]
[WhiteElo "1864"]
[BlackElo "2097"]
[PlyCount "108"]
[EventDate "2016.02.26"]
[EventType "swiss"]
[EventRounds "9"]
[EventCountry "GER"]
[SourceTitle "EXT 2019"]
[Source "ChessBase"]
[SourceDate "2018.10.10"]
[SourceVersion "1"]
[SourceVersionDate "2018.10.10"]
[SourceQuality "1"]

1. d4 Nf6 2. c4 c5 3. d5 b5 4. cxb5 a6 5. bxa6 Bxa6 6. Nc3 d6 7. e4 Bxf1 8. Kxf1 g6 9. g3 Bg7 10. Kg2 0-0 11. Nf3 Nbd7 12. a4 Qc7 13. Qe2 Rfb8 14. Nb5 Qb7 15. Ra3 Nb6 16. b3 c4 17. bxc4 Nxa4 18. Nfd4 Nc5 19. f3 Rxa3 20. Bxa3 Nfd7 21. Nc6 Re8 22. Rb1 Nb6 23. e5 Qd7 24. Bxc5 dxc5 25. Ra1 Nxd5 26. cxd5 Qxd5 27. Nc7 Qxc6 28. Nxe8 Qxe8 29. Qe4 Qb5 30. Rb1 Qd7 31. Rb8+ Bf8 32. e6 Qd2+ 33. Kh3 f5 34. Qe5 Qh6+ 35. Kg2 Qd2+ 36. Kh3 Qh6+ 37. Kg2 Qd2+ 38. Kf1 Qc1+ 39. Kf2 Qd2+ 40. Kf1 Qc1+ 41. Qe1 Qc4+ 42. Qe2 Qd5 43. Kg2 h5 44. Rc8 c4 45. Qxc4 Qd2+ 46. Kh3 g5 47. Qc2 g4+ 48. Kh4 Qd5 49. f4 Qxe6 50. Qc4 Qxc4 51. Rxc4 Kf7 52. Kxh5 e6 53. Rc7+ Kf6 54. Rc8 Bg7 1/2-1/2

[Event "Bad Woerishofen Seniors op 32nd"]
[Site "Bad Woerishofen"]
[Date "2016.02.28"]
[Round "3"]
[White "Bachmann, Rolf"]
[Black "Rumsey, Victor B"]
[Result "0-1"]
[WhiteElo "1993"]
[BlackElo "1864"]
[PlyCount "78"]
[EventDate "2016.02.26"]
[EventType "swiss"]
[EventRounds "9"]
[EventCountry "GER"]
[SourceTitle "EXT 2019"]
[Source "ChessBase"]
[SourceDate "2018.10.10"]
[SourceVersion "1"]
[SourceVersionDate "2018.10.10"]
[SourceQuality "1"]

1. d4 Nf6 2. Nf3 d5 3. Bf4 c5 4. e3 e6 5. c3 Nc6 6. Nbd2 Bd6 7. Bg3 0-0 8. Bd3 b6 9. Ne5 Bb7 10. f4 Rc8 11. 0-0 Ne7 12. Bh4 Ne4 13. Rf3 f6 14. Ng4 Nf5 15. Be1 Be7 16. Rh3 Qe8 17. Nf2 Nfd6 18. Nfxe4 dxe4 19. Be2 cxd4 20. exd4 Bd5 21. b3 b5 22. a4 a6 23. axb5 axb5 24. Nf1 Ra8 25. Rxa8 Qxa8 26. Ne3 g6 27. g4 f5 28. Rg3 Qa2 29. Nxd5 exd5 30. g5 Ra8 31. Rg2 Qa1 32. Kf2 Qxd1 33. Bxd1 Ra1 34. Bc2 b4 35. cxb4 Nb5 36. Kf1 Nxd4 37. Rd2 Nxc2 38. Rxc2 Bxb4 39. Rb2 d4 0-1

[Event "BCF-ch U160"]
[Site "Aberystwyth"]
[Date "2014.08.01"]
[Round "5"]
[White "Rumsey, Victor B"]
[Black "Warden, Michael J"]
[Result "1-0"]
[WhiteElo "156"]
[BlackElo "135"]
[PlyCount "59"]
[EventDate "2014.07.28"]
[EventType "swiss"]
[EventRounds "5"]
[EventCountry "WLS"]
[SourceTitle "EXT 2017"]
[Source "ChessBase"]
[SourceDate "2016.10.25"]
[SourceVersion "1"]
[SourceVersionDate "2016.10.25"]
[SourceQuality "1"]

1. d4 g6 2. e4 Bg7 3. Nc3 d6 4. f4 c6 5. Nf3 Bg4 6. Be3 Qb6 7. Qd2 Bxf3 8. gxf3 Nd7 9. Bc4 h5 10. 0-0-0 Qc7 11. Kb1 b5 12. Bd3 a5 13. e5 a4 14. e6 fxe6 15. Bxg6+ Kd8 16. Ne4 Nb6 17. Ng5 Kd7 18. Qd3 Nh6 19. Qe4 e5 20. dxe5 d5 21. Bxb6 Qxb6 22. Qd3 b4 23. Rhe1 Rhb8 24. Bxh5 b3 25. cxb3 axb3 26. a3 Qf2 27. Ne4 Qxh2 28. Nc5+ Kc8 29. Qg6 Qxf4 30. Qxc6+ 1-0

[Event "BCF-chT3S 1314 (4NCL)"]
[Site "England"]
[Date "2013.11.16"]
[Round "1.58"]
[White "Rumsey, Victor B"]
[Black "Peat, Matthew"]
[Result "1-0"]
[WhiteElo "1849"]
[BlackElo "2099"]
[PlyCount "129"]
[EventDate "2013.11.16"]
[EventType "team-swiss"]
[EventRounds "6"]
[EventCountry "ENG"]
[SourceTitle "CBM 157 Extra"]
[Source "ChessBase"]
[SourceDate "2013.12.19"]
[SourceVersion "1"]
[SourceVersionDate "2013.12.19"]
[SourceQuality "1"]
[WhiteTeam "Celtic Tigers II"]
[BlackTeam "e2e4.org.uk II"]
[WhiteTeamCountry "ENG"]
[BlackTeamCountry "ENG"]

1. d4 d5 2. c4 c6 3. Nf3 Nf6 4. Nc3 e6 5. Bg5 h6 6. Bh4 dxc4 7. e4 g5 8. Bg3 b5 9. Ne5 Nbd7 10. Be2 Bb7 11. h4 g4 12. Nxg4 Rg8 13. Nxf6+ Nxf6 14. Bf3 Qb6 15. 0-0 0-0-0 16. Be5 Nd7 17. Bf4 e5 18. dxe5 Nc5 19. Qe2 Nd3 20. Be3 Qc7 21. a4 b4 22. Na2 Qxe5 23. g3 Be7 24. Bg2 c5 25. Qf3 Kb8 26. Nc1 Ka8 27. a5 Qxb2 28. Nxd3 cxd3 29. a6 Bc6 30. Qxf7 Qg7 31. Qc4 Qf8 32. Rfd1 d2 33. Ra5 Qe8 34. Rxd2 Rxd2 35. Bxd2 Qd8 36. Ra2 Rg4 37. Qe6 Qd7 38. Qxd7 Bxd7 39. Bh3 c4 40. Bxg4 Bxg4 41. Bxb4 Bxb4 42. Ra4 Bd6 43. Rxc4 h5 44. Kg2 Kb8 45. f4 Be2 46. Rc6 Bc7 47. Kf2 Bb5 48. Rh6 Bb6+ 49. Kf3 Bxa6 50. Rxh5 Bc4 51. Rf5 a5 52. h5 a4 53. h6 a3 54. h7 Bd4 55. Rf8+ Kb7 56. h8Q Bxh8 57. Rxh8 a2 58. Rh1 Kc6 59. g4 Kc5 60. g5 Kd4 61. Ra1 Kc3 62. f5 Kb2 63. Rxa2+ Bxa2 64. g6 Kc3 65. f6 1-0

[Event "BCF-ch Major op"]
[Site "Torquay"]
[Date "2013.07.30"]
[Round "2.74"]
[White "Rumsey, Victor B"]
[Black "Llewellyn, Alan Mansel"]
[Result "1-0"]
[WhiteElo "1877"]
[BlackElo "1738"]
[PlyCount "42"]
[EventDate "2013.07.29"]
[EventType "swiss"]
[EventRounds "11"]
[EventCountry "ENG"]
[SourceTitle "EXT 2023"]
[Source "ChessBase"]
[SourceDate "2022.10.05"]
[SourceVersion "1"]
[SourceVersionDate "2022.10.05"]
[SourceQuality "1"]

1. d4 Nf6 2. c4 g6 3. Nc3 d5 4. Nf3 Bg7 5. Qb3 dxc4 6. Qxc4 e6 7. e4 0-0 8. Be3 b5 9. Qxb5 Ba6 10. Qa4 Bxf1 11. Kxf1 Ng4 12. Bf4 Nc6 13. Qxc6 Bxd4 14. Rd1 Qe8 15. Qxe8 Raxe8 16. Rxd4 e5 17. Bxe5 Nxe5 18. Nxe5 Rxe5 19. Ke2 f5 20. Rhd1 fxe4 21. Rxe4 Rxe4+ 1-0

[Event "Hastings Masters op 88th"]
[Site "Hastings"]
[Date "2013.01.02"]
[Round "6"]
[White "Rumsey, Victor B"]
[Black "Murphy, Conor"]
[Result "0-1"]
[WhiteElo "1908"]
[BlackElo "1956"]
[PlyCount "50"]
[EventDate "2012.12.28"]
[EventType "swiss"]
[EventRounds "10"]
[EventCountry "ENG"]
[SourceTitle "CBM 152 Extra"]
[Source "ChessBase"]
[SourceDate "2013.02.25"]
[SourceVersion "1"]
[SourceVersionDate "2013.02.25"]
[SourceQuality "1"]

1. d4 d5 2. c4 e6 3. Nf3 c6 4. g3 dxc4 5. Bg2 b5 6. 0-0 Bb7 7. b3 cxb3 8. Qxb3 Nf6 9. a4 a6 10. Bb2 Nbd7 11. Rd1 Nb6 12. Ne5 bxa4 13. Rxa4 Qc7 14. Ra5 Nbd5 15. Qa4 Bd6 16. e4 Nb6 17. Qc2 0-0 18. Nd3 Be7 19. Ba3 Bxa3 20. Nxa3 Rfd8 21. Qc3 Rac8 22. Nc2 c5 23. Rxc5 Na4 24. Rxc7 Nxc3 25. Rxb7 Nxd1 0-1

[Event "London Classic op 4th"]
[Site "London"]
[Date "2012.12.07"]
[Round "7"]
[White "Ledger, Dave J"]
[Black "Rumsey, Victor B"]
[Result "1-0"]
[WhiteElo "2266"]
[BlackElo "2138"]
[PlyCount "53"]
[EventDate "2012.12.01"]
[EventType "swiss"]
[EventRounds "9"]
[EventCountry "ENG"]
[SourceTitle "CBM 151 Extra"]
[Source "ChessBase"]
[SourceDate "2012.12.18"]
[SourceVersion "1"]
[SourceVersionDate "2012.12.18"]
[SourceQuality "1"]

1. e4 c6 2. d4 d5 3. e5 Bf5 4. Nf3 e6 5. Nbd2 Ne7 6. Nb3 Nd7 7. Be3 Nc8 8. Be2 Be7 9. 0-0 0-0 10. Qd2 a6 11. Nc5 f6 12. exf6 Bxf6 13. Nxb7 Qc7 14. Na5 c5 15. c4 Be4 16. Rac1 Nd6 17. cxd5 exd5 18. dxc5 Nf5 19. Bf4 Qc8 20. b4 Bd8 21. c6 Nb6 22. c7 Bf6 23. Ng5 Nd4 24. Nxe4 dxe4 25. Be3 Nxe2+ 26. Qxe2 Nd5 27. Qc4 1-0

[Event "BCF-chT3 0102 (4NCL)"]
[Site "Birmingham"]
[Date "2001.11.24"]
[Round "3.4"]
[White "Powell, Annie"]
[Black "Rumsey, Victor B"]
[Result "1-0"]
[WhiteElo "2024"]
[BlackElo "1976"]
[PlyCount "34"]
[EventDate "2001.09.??"]
[EventType "team"]
[EventRounds "11"]
[EventCountry "ENG"]
[SourceTitle "EXT 2003"]
[Source "ChessBase"]
[SourceDate "2002.11.25"]
[SourceVersion "1"]
[SourceVersionDate "2002.11.25"]
[SourceQuality "1"]
[WhiteTeam "Nidum Knights"]
[BlackTeam "Milton Keynes"]
[WhiteTeamCountry "ENG"]
[BlackTeamCountry "ENG"]

1. e4 c6 2. d4 d5 3. Nd2 dxe4 4. Nxe4 Nd7 5. Nf3 Ngf6 6. Ng3 e6 7. Bd3 c5 8. c3 Be7 9. 0-0 b6 10. Re1 Bb7 11. Bc2 0-0 12. Qe2 Re8 13. Ne5 Bf8 14. Bg5 Qc7 15. Ba4 Bc8 16. Bxf6 gxf6 17. Ng4 Qf4 1-0

[Event "BCF-chT3b 0001 (4NCL)"]
[Site "Birmingham"]
[Date "2000.11.26"]
[Round "4.6"]
[White "Mitchell, Gareth"]
[Black "Rumsey, Victor B"]
[Result "1/2-1/2"]
[WhiteElo "1648"]
[BlackElo "1864"]
[PlyCount "41"]
[EventDate "2000.11.26"]
[EventType "team-tourn"]
[EventRounds "7"]
[EventCountry "ENG"]
[SourceTitle "EXT 2002"]
[Source "ChessBase"]
[SourceDate "2001.11.25"]
[SourceVersion "1"]
[SourceVersionDate "2001.11.25"]
[SourceQuality "1"]
[WhiteTeam "White Rose II"]
[BlackTeam "Milton Keynes"]
[WhiteTeamCountry "ENG"]
[BlackTeamCountry "ENG"]

1. e4 c5 2. Nf3 Nc6 3. Bb5 g6 4. 0-0 Bg7 5. Nc3 Nd4 6. a4 Nxb5 7. axb5 d6 8. d3 e6 9. Be3 e5 10. Nd5 Be6 11. c3 Bxd5 12. exd5 Ne7 13. Qb3 0-0 14. Ra4 Kh8 15. Qa2 Nc8 16. b4 b6 17. c4 Rb8 18. Qc2 Rb7 19. Qc1 f6 20. Re1 Rff7 21. h3 1/2-1/2

[Event "BCF-chT3b 0001 (4NCL)"]
[Site "Birmingham"]
[Date "2000.09.23"]
[Round "1.7"]
[White "Williams, Oliver"]
[Black "Rumsey, Victor B"]
[Result "1/2-1/2"]
[WhiteElo "1856"]
[BlackElo "1864"]
[PlyCount "82"]
[EventDate "2000.11.26"]
[EventType "team-tourn"]
[EventRounds "7"]
[EventCountry "ENG"]
[SourceTitle "EXT 2002"]
[Source "ChessBase"]
[SourceDate "2001.11.25"]
[SourceVersion "1"]
[SourceVersionDate "2001.11.25"]
[SourceQuality "1"]
[WhiteTeam "Athenaeum"]
[BlackTeam "Milton Keynes"]
[WhiteTeamCountry "ENG"]
[BlackTeamCountry "ENG"]

1. e4 c5 2. Nf3 Nc6 3. Bb5 g6 4. c3 Nf6 5. Qe2 Bg7 6. 0-0 0-0 7. d3 d6 8. Nbd2 Ne8 9. Nh4 Nc7 10. Bxc6 bxc6 11. f4 e5 12. Ndf3 f6 13. fxe5 dxe5 14. Be3 Ne6 15. g3 Qe7 16. Rac1 Ba6 17. Rfd1 Rad8 18. Ne1 Rd7 19. a3 Rfd8 20. Qc2 c4 21. dxc4 Bxc4 22. Rxd7 Qxd7 23. Nhf3 Bf8 24. b4 Nc7 25. Kf2 a6 26. Nd2 Bf7 27. Nb3 Qh3 28. Kg1 Bh6 29. Ng2 Bxe3+ 30. Nxe3 Qh6 31. Re1 Nb5 32. a4 Na3 33. Qc1 Nc4 34. Nc5 Nxe3 35. Qxe3 Qxe3+ 36. Rxe3 Bc4 37. Rf3 Kf7 38. Kg2 Rd2+ 39. Rf2 Rd1 40. Nb7 Rd3 41. Rf3 Rd2+ 1/2-1/2